000 00537nam a2200217Ia 4500
003 OSt
005 20221007082942.0
006 a|||||r|||| 00| 0
007 ta
008 221006b |||||||| |||| 00| 0 eng d
024 _a44,509
037 _cDissertations
040 _aFLL
_cFLL
_beng
041 _2eng
_aeng
100 _aMEENA Kamakshi
_9699916
245 0 _aOffence against married women - A critique
260 _c2016
300 _ad.p.
_ccm.
942 _cDIS
_2CC
999 _c1168298
_d1168298